000 00569nam a22002177a 4500
003 UA-OsUOA
001 88598
007 ta
008 20121009b un ||||| |||| 00| 0 ukr d
100 _aЛагута Л.
090 _a02
_bЛ14
942 _cSA
040 _aUA-OsUOA
_bukr
_cUA-OsUOA
_dUA-OsUOA
245 _aЕкспертно-діагностичний аналіз діяльності бібліотеки
300 _aС.27-30
955 _a0
041 _aukr
080 _a02
773 0 _w88596
650 7 _a02 Бібліотечна справа
_2UDC
999 _c374682
_d374682